Príspevok k metodike plánovania procesu projektovania ASR kandidátska dizertačná práca

Salvato in:
Dettagli Bibliografici
Autore principale: Varga, Jozef
Ente Autore: Vysoká škola ekonomická v Bratislave. Fakulta riadenia
Altri autori: Unčovský, Ladislav
Natura: Libro
Lingua:slovacco
Pubblicazione: Bratislava 1985
Tags: Aggiungi Tag
Nessun Tag, puoi essere il primo ad aggiungerne!!

MARC

LEADER 00000nam a2200000 4500
001 c105267
005 20230116085215.3
041 0 |a slo 
044 |a SK 
245 1 0 |a Príspevok k metodike plánovania procesu projektovania ASR  |b kandidátska dizertačná práca  |c Jozef Varga ; Ved. Ladislav Unčovský 
264 1 |a Bratislava  |c 1985 
300 |a 172 s. 
100 1 |a Varga, Jozef 
700 1 |a Unčovský, Ladislav 
710 2 |a Vysoká škola ekonomická v Bratislave. Fakulta riadenia